000
nam a22 7a 4500
999
_c
234928
_d
234928
003
Nust
005
20170403132743.0
008
170403b xxu||||| |||| 00| 0 eng d
040
_c
dlc
082
_a
620.136 ACI
245
_a
ACI Manual of Concrete Practice 2010 Part 5 ACI 362.1R-97(02) to ACI 503.7-07
942
_2
ddc
_c
BK